Las palabras y la cultura. I /

Detalles Bibliográficos
Autor principal: Encalada Vásquez, Oswaldo (Autor)
Formato: Electrónico eBook
Lenguaje:español
Publicado: Cuenca, Ecuador : Universidad del Azuay, [2015]
Materias:
Acceso en línea:Digitalia Hispánica

MARC

LEADER 00000nam a2200000 i 4500
001 DIGUAZUAY0026
003 NyNyDIG
007 cr |||||||||||
008 240219s2015 ec a ob 001 0 spa d
006 m o d
035 |a (OCoLC)1423251341 
040 |a DGITA  |b eng  |e rda  |e pn  |c DGITA 
020 |a 9789978325520  |q eBook 
020 |z 9789978325476 
050 1 4 |a PC4574 ebook 
100 1 |a Encalada Vásquez, Oswaldo,  |e author. 
245 1 4 |a Las palabras y la cultura.  |n I /  |c Oswaldo Encalada Vásquez. 
264 1 |a Cuenca, Ecuador :  |b Universidad del Azuay,  |c [2015] 
300 |a 1 online resource :  |b illustrations. 
336 |a text  |b txt  |2 rdacontent 
337 |a computer  |b c  |2 rdamedia 
338 |a online resource  |b cr  |2 rdacarrier 
347 |a text file  |2 rdaft 
347 |b PDF 
504 |a Includes bibliographical references and index. 
588 0 |a Online resource; title from PDF title page (Digitalia, viewed February 19, 2024) 
650 0 |a Spanish language  |x Etymology. 
650 0 |a Spanish language  |x Terms and phrases. 
791 2 |a Digitalia (Firm),  |e distributor. 
793 0 |g Digitalia eBook Collection:  |a Universidad del Azuay 
776 0 8 |i Print version:  |a Encalada Vásquez, Oswaldo.  |t Palabras y la cultura. I.  |d Cuenca, Ecuador : Universidad del Azuay, [2015]  |z 9789978325476 
856 4 0 |3 Digitalia Hispánica  |u https://www.digitaliapublishing.com/a/133409/ 
910 |a Premium collection: 2024